| 000 | 00685nam a22002295a 4500 | ||
|---|---|---|---|
| 001 | 8116 | ||
| 003 | NUST - PNEC | ||
| 005 | 20170116181140.0 | ||
| 008 | 830210|1983 ||| 000 0 eng | ||
| 010 | _a 83070461 | ||
| 020 |
_a0877954577 (pbk. : acid free paper) : _c$12.95 |
||
| 020 | _a0877956588 (cover) | ||
| 040 |
_aDLC _cLIBRARY _dDLC |
||
| 050 | 0 | 0 | _aIN PROCESS |
| 082 | _a940.5426 CON | ||
| 100 |
_914566 _aCongdon,Don |
||
| 245 | 1 | 0 |
_aCombat WW II : _bEuropean theater of operations / _cedited by Don Congdon. |
| 260 |
_aNew York : _bArbor House, _cc1983. |
||
| 300 | _a749 p. : ill. ; 23 cm. | ||
| 650 |
_914567 _aWorld War--(1939-1945) _xGeneral |
||
| 942 |
_2ddc _cBK |
||
| 999 |
_c70435 _d70435 |
||